书目信息 |
| 题名: |
家电维修全程指导全集
|
|
| 作者: | 韩雪涛 主编 | |
| 分册: | 彩色电视机 液晶、等离子彩电 洗衣机 | |
| 出版信息: | 北京 化学工业出版社 2013 |
|
| 页数: | 589页 | |
| 开本: | 26cm | |
| 丛书名: | ||
| 单 册: | ||
| 中图分类: | TM925.07 , TN949.7 | |
| 科图分类: | ||
| 主题词: | 日用电气器具--维修 , 电视接收机--维修 , 洗衣机--维修 , 日用电气器具 , 电视接收机 , 洗衣机 | |
| 电子资源: | ||
| ISBN: | 978-7-122-16316-5 | |
| 000 | 01054nam0 2200325 450 | |
| 001 | 3307 | |
| 005 | 20160926084402.28 | |
| 005 | 20140707171633 | |
| 010 | @a978-7-122-16316-5@b平装@dCNY88.00 | |
| 100 | @a20130625d2013 em y0chiy50 ea | |
| 101 | 0 | @achi |
| 102 | @aCN@b110000 | |
| 105 | @aa z 000yy | |
| 200 | 1 | @a家电维修全程指导全集@9jia dian wei xiu quan cheng zhi dao quan ji@i彩色电视机 液晶、等离子彩电 洗衣机@f韩雪涛主编 |
| 210 | @a北京@c化学工业出版社@d2013 | |
| 215 | @a589页@c图@d26cm | |
| 300 | @a双色超值版 | |
| 304 | @a数码维修工程师鉴定指导中心组织编写 | |
| 330 | @a本书分为彩色电视机故障维修全程指导,液晶、等离子彩电故障维修全程指导,洗衣机故障维修全程指导三部分内容。 | |
| 606 | 0 | @a日用电气器具@x维修 |
| 606 | 0 | @a电视接收机@x维修 |
| 606 | 0 | @a洗衣机@x维修 |
| 606 | 0 | @a日用电气器具 |
| 606 | 0 | @a电视接收机 |
| 606 | 0 | @a洗衣机 |
| 690 | @aTM925.07@v5 | |
| 690 | @aTN949.7@v5 | |
| 701 | 0 | @a韩雪涛@9han xue tao@c(电子技术)@4主编 |
| 801 | 0 | @aCN@b唐山师范学院图书馆@c20151001 |
| 905 | @aZUCC@dTM925.07@e131 | |
| 家电维修全程指导全集.彩色电视机 液晶、等离子彩电 洗衣机/韩雪涛主编.-北京:化学工业出版社,2013 |
| 589页:图;26cm |
| 双色超值版 |
| ISBN 978-7-122-16316-5(平装):CNY88.00 |
| 本书分为彩色电视机故障维修全程指导,液晶、等离子彩电故障维修全程指导,洗衣机故障维修全程指导三部分内容。 |
| ● |
| 相关链接 |
|
|
|
|
正题名:家电维修全程指导全集
索取号:TM925.07/131
 
预约/预借
| 序号 | 登录号 | 条形码 | 馆藏地/架位号 | 状态 | 备注 |
| 1 | 904553 | 209045530 | 第二样本阅览室/ [索取号:TM925.07/131] | 在馆 | |
| 2 | 904554 | 209045549 | 第三借阅区/ [索取号:TM925.07/131] | 在馆 | |
| 3 | 904555 | 209045558 | 密集书库-物理学院/ [索取号:TM925.07/131] | 在馆 | |
| 4 | 904556 | 209045567 | 第三借阅区/ [索取号:TM925.07/131] | 在馆 | |
| 5 | 904557 | 209045576 | 第三借阅区/ [索取号:TM925.07/131] | 在馆 |